| 000 | 00551nam a2200145 4500 | ||
|---|---|---|---|
| 001 | 117516 | ||
| 003 | ES-MaACL | ||
| 005 | 20230906190924.0 | ||
| 007 | t| | ||
| 008 | 070214s1919 sp r ||||1| spa d | ||
| 100 | 1 |
_aPedregal y Sánchez Calvo, José Manuel. _989898 |
|
| 245 | 1 | 3 |
_aLa prerrogativa regia y la reforma constitucional / _cDiscurso de recepción en la Real Acad. de Ciencias Morales y Políticas por José Manuel Pegregal y Sánchez Calvo. |
| 260 |
_aMadrid : _b[s.n.], _c1919 ( _fImp. Clásica Española) |
||
| 852 |
_aES-MaACL _j1508-F-16 |
||
| 999 |
_c117516 _d117516 |
||